القرن الجديد : (رقم التسجيلة. 180281)

تفاصيل مارك
000 -LEADER
fixed length control field 01598namaa2200385 i 4500
003 - CONTROL NUMBER IDENTIFIER
control field EG-GICUC
005 - DATE AND TIME OF LATEST TRANSACTION
control field 20260523140410.0
008 - FIXED-LENGTH DATA ELEMENTS--GENERAL INFORMATION
fixed length control field 260523s2005 ua |||jr|||| 000 0 ara d
017 ## - COPYRIGHT OR LEGAL DEPOSIT NUMBER
Copyright or legal deposit number 2005 / 22169
Assigning agency دار الكتب والوثائق القومية (مصر)
040 ## - CATALOGING SOURCE
Original cataloging agency EG-GiCUC
Language of cataloging ara
Transcribing agency EG-GiCUC
Modifying agency EG-GiCUC
Description conventions rda
041 1# - LANGUAGE CODE
Language code of text/sound track or separate title ara
Language code of original eng
082 04 - DEWEY DECIMAL CLASSIFICATION NUMBER
Edition number 21
Classification number 909.08
Item number H6841
092 04 - LOCALLY ASSIGNED DEWEY CALL NUMBER (OCLC)
Edition number 21
Classification number 909.08
Item number H6841
099 ## - LOCAL FREE-TEXT CALL NUMBER (OCLC)
Classification number 909.08 H6841
100 1# - MAIN ENTRY--PERSONAL NAME
Personal name هوبسبوم، اريك
Fuller form of name (Eric J.),
Dates associated with a name 1917-2012
Relator term مؤلف.
240 1# - UNIFORM TITLE
Uniform title On the edge of the new century
Language of a work Arabic
245 12 - TITLE STATEMENT
Title القرن الجديد :
Remainder of title (محاورات مع أنطونيو بولينو)/
Statement of responsibility, etc. تأليف إريك هوبسبوم ؛ ترجمة وجيه سمعان عبد المسيح.
250 ## - EDITION STATEMENT
Edition statement الطبعة الاولى
264 ## - PRODUCTION, PUBLICATION, DISTRIBUTION, MANUFACTURE, AND COPYRIGHT NOTICE
Place of production, publication, distribution, manufacture القاهرة (مصر) :
Name of producer, publisher, distributor, manufacturer المجلس الأعلى للثقافة،
Date of production, publication, distribution, manufacture, or copyright notice 2005.
300 ## - PHYSICAL DESCRIPTION
Extent 161 صفحة
Other physical details ؛
Dimensions 24 سم
336 ## - CONTENT TYPE
Source rdacontent
Content type term text
337 ## - MEDIA TYPE
Source rdamedia
Media type term Unmediated
338 ## - CARRIER TYPE
Source rdacarrier
Carrier type term volume
490 ## - SERIES STATEMENT
Series statement المشروع القومى للترجمة ؛
Volume/sequential designation 942
500 ## - GENERAL NOTE
General note الترجمة العربية لـ : On the edge of the new century
504 ## - BIBLIOGRAPHY, ETC. NOTE
Bibliography, etc. note يشتمل على هوامش.
541 ## - IMMEDIATE SOURCE OF ACQUISITION NOTE
Source of acquisition وزارة الثقافة ؛
Address القاهرة ؛
Method of acquisition إهداء ؛
Date of acquisition 2023.
650 17 - SUBJECT ADDED ENTRY--TOPICAL TERM
Topical term or geographic name entry element الحضارة الحديثة
Source of heading or term qrmak
650 17 - SUBJECT ADDED ENTRY--TOPICAL TERM
Topical term or geographic name entry element العصر الحديث
Source of heading or term qrmak
650 17 - SUBJECT ADDED ENTRY--TOPICAL TERM
Topical term or geographic name entry element عصر النهضة
Source of heading or term qrmak
651 1# - SUBJECT ADDED ENTRY--GEOGRAPHIC NAME
Source of heading or term qrmak
700 1# - ADDED ENTRY--PERSONAL NAME
Personal name عبد المسيح، وجيه سمعان
Relator term مترجم.
905 ## - Cataloger and Reviser Names
Cataloger Name Aya Mohamed
942 ## - ADDED ENTRY ELEMENTS (KOHA)
Source of classification or shelving scheme Dewey Decimal Classification
Koha item type Books
Edition 21
Suppress in OPAC No
المقتنيات
Withdrawn status Lost status Source of classification or shelving scheme Damaged status Not for loan Home library Current library Date acquired Inventory number Total checkouts Full call number Barcode Date last seen Copy number Price effective from Koha item type
    Dewey Decimal Classification   Not for loan المكتبة المركزبة الجديدة - جامعة القاهرة قاعة الانسانيات - الدور الثاني 23.05.2026 167994   909.08 H6841 c.1 01000100167994000 23.05.2026 C.1 23.05.2026 Books
    Dewey Decimal Classification   Not for loan المكتبة المركزبة الجديدة - جامعة القاهرة قاعة الانسانيات - الدور الثاني 23.05.2026 167995   909.08 H6841 c.2 01000100167995000 23.05.2026 C.2 23.05.2026 Books
    Dewey Decimal Classification     المكتبة المركزبة الجديدة - جامعة القاهرة مخزن الكتب - البدروم 23.05.2026 167996   909.08 H6841 c.3 Store 01000100167996000 23.05.2026 C.3 23.05.2026 Books
Cairo University Libraries Portal Implemented & Customized by: Eng. M. Mohamady Contacts: new-lib@cl.cu.edu.eg | cnul@cl.cu.edu.eg
CUCL logo CNUL logo
© All rights reserved — Cairo University Libraries
CUCL logo
Implemented & Customized by: Eng. M. Mohamady Contact: new-lib@cl.cu.edu.eg © All rights reserved — New Central Library
CNUL logo
Implemented & Customized by: Eng. M. Mohamady Contact: cnul@cl.cu.edu.eg © All rights reserved — Cairo National University Library